[Event "Stari Banovci Vidovdan op"]
[Site "Stari Banovci"]
[Date "2017.06.29"]
[Round "2"]
[White "Ugljesic, Slavko"]
[Black "Ciric, Aleksandar"]
[Result "0-1"]
[WhiteElo "1650"]
[BlackElo "1900"]
[PlyCount "58"]
[EventDate "2017.06.28"]
[EventType "swiss"]
[EventRounds "9"]
[EventCountry "SRB"]
[SourceTitle "EXT 2018"]
[Source "ChessBase"]
[SourceDate "2017.10.13"]
[SourceVersion "1"]
[SourceVersionDate "2017.10.13"]
[SourceQuality "1"]

1. d4 d5 2. Bf4 Bf5 3. Nf3 e6 4. e3 Nf6 5. Be2 Bd6 6. Bxd6 Qxd6 7. Nbd2 0-0 8. 0-0 c5 9. c3 a6 10. Nb3 c4 11. Nc5 b6 12. Na4 Nbd7 13. b3 b5 14. Nb2 Ne4 15. Qc1 Qa3 16. Nd1 Qxc1 17. Rxc1 a5 18. h3 Nb6 19. Re1 a4 20. b4 a3 21. g4 Bg6 22. Bf1 Na4 23. Re2 f6 24. Bg2 Nd6 25. Ne1 Ra7 26. Nc2 Nb2 27. Ne1 Nd3 28. Nxd3 cxd3 29. Rd2 Nc4 0-1